[Event "Robecchetto op-B 25th"]
[Site "Robecchetto"]
[Date "2014.12.28"]
[Round "4"]
[White "Cervini, Gian Piero"]
[Black "Caldarola, Stefano"]
[Result "0-1"]
[WhiteElo "1782"]
[BlackElo "1889"]
[PlyCount "40"]
[EventDate "2014.12.26"]
[EventType "swiss"]
[EventRounds "6"]
[EventCountry "ITA"]
[SourceTitle "EXT 2017"]
[Source "ChessBase"]
[SourceDate "2016.10.25"]
[SourceVersion "1"]
[SourceVersionDate "2016.10.25"]
[SourceQuality "1"]

1. e4 d5 2. e5 c5 3. c3 Nc6 4. d4 e6 5. Nf3 Bd7 6. Be3 Qc7 7. Bd3 Nge7 8. 0-0 Ng6 9. Nbd2 Be7 10. Rc1 c4 11. Bb1 b5 12. Bg5 f6 13. exf6 gxf6 14. Nh4 fxg5 15. Nxg6 hxg6 16. Bxg6+ Kd8 17. g3 Kc8 18. Bh5 Qd8 19. Bf3 Qf8 20. a4 Qh6 0-1

[Event "Gallarate Ricciardi op 18th"]
[Site "Gallarate"]
[Date "2014.06.17"]
[Round "6"]
[White "Garcia Rubi, Juan"]
[Black "Cervini, Gian Piero"]
[Result "1-0"]
[WhiteElo "1413"]
[BlackElo "1806"]
[PlyCount "69"]
[EventDate "2014.05.13"]
[EventType "swiss"]
[EventRounds "6"]
[EventCountry "ITA"]
[SourceTitle "EXT 2024"]
[Source "ChessBase"]
[SourceDate "2023.10.10"]
[SourceVersion "1"]
[SourceVersionDate "2023.10.10"]
[SourceQuality "1"]

1. e4 g6 2. d4 Bg7 3. Nf3 d6 4. h3 Nf6 5. Nc3 0-0 6. Bg5 Nc6 7. Bc4 e5 8. a3 exd4 9. Nxd4 Ne5 10. Ba2 h6 11. Bh4 g5 12. Bg3 Nh5 13. Qxh5 g4 14. Nf5 Bxf5 15. Qxf5 gxh3 16. Rxh3 c6 17. 0-0-0 Qa5 18. Rxd6 Rad8 19. Rxd8 Rxd8 20. Bxe5 Qxe5 21. Bxf7+ Kh8 22. Qxe5 Bxe5 23. Bg6 Kg7 24. Bf5 a5 25. Ne2 b5 26. f4 Bf6 27. e5 Be7 28. Rd3 Rf8 29. Nd4 Kh8 30. g4 h5 31. Nxc6 Bc5 32. Rh3 b4 33. Rxh5+ Kg7 34. Rh7+ Kg8 35. Ne7+ 1-0

[Event "Gallarate Ricciardi op 18th"]
[Site "Gallarate"]
[Date "2014.06.10"]
[Round "5"]
[White "Cervini, Gian Piero"]
[Black "Loaldi, Davide"]
[Result "0-1"]
[WhiteElo "1806"]
[BlackElo "1581"]
[PlyCount "92"]
[EventDate "2014.05.13"]
[EventType "swiss"]
[EventRounds "6"]
[EventCountry "ITA"]
[SourceTitle "EXT 2024"]
[Source "ChessBase"]
[SourceDate "2023.10.10"]
[SourceVersion "1"]
[SourceVersionDate "2023.10.10"]
[SourceQuality "1"]

1. e4 e6 2. d4 d5 3. Nc3 Nf6 4. e5 Nfd7 5. f4 c5 6. Nf3 Nc6 7. Be3 Be7 8. Be2 cxd4 9. Nxd4 Nxd4 10. Bxd4 0-0 11. 0-0 a6 12. Bd3 f5 13. Rf3 Nc5 14. Bf1 b5 15. Rh3 g6 16. a3 Bb7 17. g4 Qc8 18. g5 Ne4 19. Nxe4 dxe4 20. Rc3 Qe8 21. h4 Rc8 22. Rh3 Bc5 23. Bxc5 Rxc5 24. Qe2 Qf7 25. Rd1 Rd5 26. Rxd5 Bxd5 27. h5 Qa7+ 28. Kh2 Bc4 29. Qg2 Bxf1 30. Qxf1 Qd4 31. hxg6 hxg6 32. Rh6 Qd2+ 33. Kh1 Kg7 34. Rh2 Rh8 35. Rxh8 Kxh8 36. Qh3+ Kg8 37. Qh6 Qe1+ 38. Kg2 Qe2+ 39. Kg1 Qd1+ 40. Kg2 Qxc2+ 41. Kg1 Qc1+ 42. Kg2 Qxb2+ 43. Kg1 Qc1+ 44. Kg2 Qd2+ 45. Kg1 Qd1+ 46. Kg2 Qh5 0-1

[Event "Robecchetto Spring 11th A"]
[Site "Robecchetto"]
[Date "2014.05.29"]
[Round "7"]
[White "Cervini, Gian Piero"]
[Black "Serrao, Piergiorgio"]
[Result "1/2-1/2"]
[WhiteElo "1806"]
[BlackElo "1605"]
[PlyCount "90"]
[EventDate "2014.04.10"]
[EventType "swiss"]
[EventRounds "7"]
[EventCountry "ITA"]
[SourceTitle "EXT 2024"]
[Source "ChessBase"]
[SourceDate "2023.10.10"]
[SourceVersion "1"]
[SourceVersionDate "2023.10.10"]
[SourceQuality "1"]

1. e4 e6 2. d4 d5 3. Nc3 Nf6 4. e5 Nfd7 5. f4 c5 6. Nf3 Nc6 7. Be3 cxd4 8. Nxd4 Bc5 9. Qd2 a6 10. h4 Qc7 11. g4 Bxd4 12. Bxd4 Nxd4 13. Qxd4 Qb6 14. 0-0-0 Qxd4 15. Rxd4 b6 16. Bg2 Bb7 17. Re1 0-0 18. f5 Rac8 19. Ne4 Rc4 20. Rxc4 dxc4 21. Nf6+ gxf6 22. Bxb7 Nxe5 23. fxe6 fxe6 24. g5 Kf7 25. gxf6 Kxf6 26. Rf1+ Ke7 27. Rxf8 Kxf8 28. Bxa6 Ke7 29. h5 h6 30. Kd2 Kd6 31. Ke3 Ng4+ 32. Kd4 Nf6 33. Bxc4 Nxh5 34. b4 Ng3 35. Ke3 h5 36. Kf3 h4 37. Kg4 Nf5 38. Bd3 Ke5 39. a4 Kd4 40. a5 bxa5 41. bxa5 Kc5 42. Bxf5 exf5+ 43. Kxh4 Kb5 44. Kg5 Kxa5 45. c3 Kb5 1/2-1/2

[Event "Robecchetto Spring 11th A"]
[Site "Robecchetto"]
[Date "2014.04.24"]
[Round "3"]
[White "Cervini, Gian Piero"]
[Black "Moroni, Luca"]
[Result "1/2-1/2"]
[WhiteElo "1806"]
[BlackElo "1862"]
[PlyCount "177"]
[EventDate "2014.04.10"]
[EventType "swiss"]
[EventRounds "7"]
[EventCountry "ITA"]
[SourceTitle "EXT 2024"]
[Source "ChessBase"]
[SourceDate "2023.10.10"]
[SourceVersion "1"]
[SourceVersionDate "2023.10.10"]
[SourceQuality "1"]

1. e4 c5 2. c3 d5 3. exd5 Qxd5 4. Nf3 Nf6 5. d4 cxd4 6. cxd4 e6 7. Nc3 Qd8 8. Bc4 Be7 9. 0-0 0-0 10. Qe2 Nbd7 11. Rd1 Nb6 12. Bd3 Nbd5 13. Bg5 a6 14. Ne4 h6 15. Nxf6+ Nxf6 16. Bxf6 Bxf6 17. Qe4 g6 18. Ne5 Qd5 19. Qe3 Bg7 20. Bc4 Qd8 21. a4 Qe7 22. Rd2 Bd7 23. a5 Rac8 24. Qb3 Bxe5 25. dxe5 Bc6 26. Rad1 Qg5 27. Qg3 Qxg3 28. hxg3 Rc7 29. b3 Rfc8 30. f4 Kg7 31. Kf2 Be4 32. g4 Rc5 33. Rd7 Bc6 34. Rd8 Rxd8 35. Rxd8 Rxa5 36. Rc8 Bd5 37. b4 Ra4 38. Bxd5 exd5 39. Rc7 Rxb4 40. e6 Rxf4+ 41. Kg3 Re4 42. Rxf7+ Kg8 43. Rf6 a5 44. Rxg6+ Kf8 45. Rxh6 a4 46. Kh4 a3 47. Kg5 a2 48. Rh8+ Ke7 49. Ra8 Re2 50. Kf5 Rxg2 51. Ra7 Kd6 52. e7 Rf2+ 53. Kg6 Kxe7 54. Rxb7+ Ke6 55. Ra7 d4 56. g5 d3 57. Kg7 Rg2 58. g6 d2 59. Ra6+ Kd7 60. Rxa2 Rxg6+ 61. Kxg6 d1Q 62. Ra7+ Ke6 63. Ra6+ Ke5 64. Ra5+ Kf4 65. Rf5+ Ke4 66. Kg5 Qd2+ 67. Kg6 Qd6+ 68. Kg5 Qe7+ 69. Kg6 Qe6+ 70. Rf6 Qg8+ 71. Kh6 Ke5 72. Rg6 Qf7 73. Rg5+ Kf6 74. Rg3 Qf8+ 75. Kh7 Qe7+ 76. Kh6 Qe4 77. Kh5 Qh1+ 78. Kg4 Qe4+ 79. Kh5 Qf4 80. Rg6+ Kf7 81. Rg7+ Kf8 82. Rg4 Qf3 83. Kg5 Kg7 84. Kh4+ Kh6 85. Rg6+ Kh7 86. Rg4 Qf2+ 87. Kg5 Kg7 88. Kh5+ Kf7 89. Rf4+ 1/2-1/2

[Event "Ceriano Laghetto op-B 23rd"]
[Site "Ceriano Laghetto"]
[Date "2014.03.15"]
[Round "2"]
[White "Cervini, Gian Piero"]
[Black "Brioschi, Camillo"]
[Result "1-0"]
[WhiteElo "1803"]
[BlackElo "1746"]
[PlyCount "21"]
[EventDate "2014.03.14"]
[EventType "swiss"]
[EventRounds "5"]
[EventCountry "ITA"]
[SourceTitle "EXT 2015"]
[Source "ChessBase"]
[SourceDate "2014.11.20"]
[SourceVersion "1"]
[SourceVersionDate "2014.11.20"]
[SourceQuality "1"]

1. e4 e5 2. Nf3 Nc6 3. d4 exd4 4. Bc4 Nf6 5. 0-0 Bc5 6. e5 d5 7. Bb5 Ne4 8. Nxd4 Bd7 9. Nb3 Qe7 10. Qxd5 Qxe5 11. Bxc6 1-0

[Event "Ceriano Laghetto op-B 23rd"]
[Site "Ceriano Laghetto"]
[Date "2014.03.14"]
[Round "1"]
[White "Confalonieri, Luca"]
[Black "Cervini, Gian Piero"]
[Result "0-1"]
[WhiteElo "1640"]
[BlackElo "1803"]
[PlyCount "82"]
[EventDate "2014.03.14"]
[EventType "swiss"]
[EventRounds "5"]
[EventCountry "ITA"]
[SourceTitle "EXT 2015"]
[Source "ChessBase"]
[SourceDate "2014.11.20"]
[SourceVersion "1"]
[SourceVersionDate "2014.11.20"]
[SourceQuality "1"]

1. e4 g6 2. d4 Bg7 3. Nc3 d6 4. Bc4 Nf6 5. Be3 0-0 6. f3 c6 7. Qd2 b5 8. Bb3 a5 9. a3 Na6 10. d5 b4 11. axb4 axb4 12. Nce2 cxd5 13. exd5 Bb7 14. Nh3 Nc5 15. Rxa8 Qxa8 16. Bxc5 dxc5 17. Nhf4 Rd8 18. 0-0 Nxd5 19. Bxd5 Bxd5 20. Rd1 e6 21. c4 bxc3 22. Nxc3 Bd4+ 23. Kh1 Bb3 24. Re1 Qa5 25. Nd3 Bxc3 26. bxc3 c4 27. Qb2 Rxd3 28. Ra1 Qd8 29. Kg1 Qb6+ 30. Kf1 Qe3 31. Re1 Qf4 32. Kg1 Rd2 33. Qc1 Qd6 34. Kf1 Qd3+ 35. Kg1 Kg7 36. h3 Rc2 37. Qa1 Qd2 38. Re2 Qxe2 39. Qf1 Qe3+ 40. Kh2 Qf4+ 41. Kg1 Rc1 0-1

[Event "Robecchetto op-B 24th"]
[Site "Robecchetto"]
[Date "2013.12.27"]
[Round "1"]
[White "Biancotti, Alessandro"]
[Black "Cervini, Gian Piero"]
[Result "1-0"]
[WhiteElo "1872"]
[BlackElo "1795"]
[PlyCount "139"]
[EventDate "2013.12.27"]
[EventType "swiss"]
[EventRounds "6"]
[EventCountry "ITA"]
[SourceTitle "EXT 2015"]
[Source "ChessBase"]
[SourceDate "2014.11.20"]
[SourceVersion "1"]
[SourceVersionDate "2014.11.20"]
[SourceQuality "1"]

1. e4 g6 2. d4 Bg7 3. Nc3 d6 4. Nf3 Nf6 5. Be2 0-0 6. Bg5 b6 7. Qd2 c5 8. Bh6 Bb7 9. Bxg7 Kxg7 10. d5 e6 11. 0-0-0 exd5 12. exd5 a6 13. h4 b5 14. h5 b4 15. hxg6 fxg6 16. Qh6+ Kg8 17. Ne4 Qe7 18. Nxf6+ Rxf6 19. Bc4 Nd7 20. Rde1 Qg7 21. Qxg7+ Kxg7 22. Re7+ Rf7 23. Rxf7+ Kxf7 24. Rxh7+ Ke8 25. b3 Bc8 26. Rg7 Nf8 27. Nh4 Bf5 28. Nxf5 gxf5 29. Bd3 a5 30. Bxf5 a4 31. Bd3 a3 32. Kd2 Rb8 33. g4 Nd7 34. Bg6+ Kd8 35. Bf5 Nb6 36. c4 bxc3+ 37. Kxc3 Nxd5+ 38. Kc4 Nb4 39. Rd7+ Ke8 40. Rxd6 Nxa2 41. Bb1 Nc1 42. Rd1 a2 43. Bg6+ Ke7 44. Rxc1 Rb4+ 45. Kc3 Rxg4 46. Bd3 Rf4 47. Kb2 Rxf2+ 48. Rc2 Rf3 49. Bc4 Kd6 50. Kxa2 Rf8 51. Rd2+ Kc6 52. Kb2 Rh8 53. Rg2 Rh6 54. Kc3 Rh3+ 55. Bd3 Re3 56. Kc4 Re5 57. Rg6+ Kc7 58. Kb5 Rd5 59. Bc4 Rh5 60. Rc6+ Kb7 61. Rxc5 Rh6 62. Bd5+ Ka7 63. b4 Rb6+ 64. Kc4 Rh6 65. Rc6 Rh4+ 66. Kc5 Rh2 67. b5 Rc2+ 68. Kd6 Rb2 69. Ra6+ Kb8 70. Ra8# 1-0

[Event "Lombardia Region-ch"]
[Site "Saronno"]
[Date "2013.05.25"]
[Round "2"]
[White "Cervini, Gian Piero"]
[Black "Squillante, Michele"]
[Result "1-0"]
[WhiteElo "1776"]
[BlackElo "1739"]
[PlyCount "95"]
[EventDate "2013.05.24"]
[EventType "swiss"]
[EventRounds "5"]
[EventCountry "ITA"]
[SourceTitle "EXT 2015"]
[Source "ChessBase"]
[SourceDate "2014.11.20"]
[SourceVersion "1"]
[SourceVersionDate "2014.11.20"]
[SourceQuality "1"]

1. e4 c6 2. d4 d5 3. exd5 cxd5 4. c4 Nf6 5. c5 Nc6 6. Nf3 Bg4 7. Be2 e6 8. a3 Be7 9. b4 a6 10. Nc3 0-0 11. Bf4 Nh5 12. Qd2 Nxf4 13. Qxf4 Bh5 14. 0-0 Qb8 15. Qxb8 Rfxb8 16. Ne5 Bxe2 17. Nxe2 Bf6 18. Nd7 Rd8 19. Nxf6+ gxf6 20. f4 Kh8 21. Rf3 Rg8 22. Rb1 Rg7 23. b5 axb5 24. Rxb5 Ra7 25. Rfb3 Nd8 26. Nc3 Rg8 27. a4 Re8 28. a5 Re7 29. Ne2 Nc6 30. Ra3 e5 31. fxe5 fxe5 32. dxe5 Rxe5 33. Kf2 Re4 34. a6 Rxe2+ 35. Kf1 Re7 36. Rb6 Kg8 37. Rd3 Rd7 38. axb7 Raxb7 39. Rxc6 Rbc7 40. Rxc7 Rxc7 41. Rxd5 Kf8 42. Ke2 Ke7 43. Ke3 Ke6 44. Kd4 f5 45. Rd6+ Ke7 46. Rh6 Kf8 47. Rf6+ Kg7 48. Rxf5 1-0

[Event "Lombardia Region-ch"]
[Site "Saronno"]
[Date "2013.05.25"]
[Round "3"]
[White "Marcantognini, Denis"]
[Black "Cervini, Gian Piero"]
[Result "1/2-1/2"]
[WhiteElo "1407"]
[BlackElo "1776"]
[PlyCount "121"]
[EventDate "2013.05.24"]
[EventType "swiss"]
[EventRounds "5"]
[EventCountry "ITA"]
[SourceTitle "EXT 2015"]
[Source "ChessBase"]
[SourceDate "2014.11.20"]
[SourceVersion "1"]
[SourceVersionDate "2014.11.20"]
[SourceQuality "1"]

1. c4 e5 2. e3 d6 3. Nc3 f5 4. g3 Nf6 5. Nge2 Nc6 6. Bg2 Be7 7. 0-0 Be6 8. b3 0-0 9. Re1 Qe8 10. d4 exd4 11. exd4 Bd7 12. Nf4 Qd8 13. Ncd5 Nxd5 14. Nxd5 Bf6 15. Bb2 Rb8 16. Rb1 Ne7 17. Nxf6+ Rxf6 18. d5 Rf7 19. Qd4 a6 20. Re3 Qf8 21. Rbe1 Ng6 22. f4 b5 23. Bf1 c5 24. dxc6 Bxc6 25. cxb5 Bxb5 26. Bxb5 axb5 27. Ba3 Rd7 28. Re6 Qd8 29. Re8+ Qxe8 30. Rxe8+ Rxe8 31. Qd5+ Kh8 32. Qxb5 Red8 33. Qxf5 d5 34. Bb4 Ne7 35. Qg5 Nc6 36. Bd2 d4 37. Qc5 Ne7 38. f5 Rc8 39. Qb5 Rdc7 40. a4 Rc5 41. Qd7 Nxf5 42. g4 Nh4 43. Kf1 Nf3 44. Ke2 Nxd2 45. Kxd2 Rc2+ 46. Kd3 R8c3+ 47. Ke4 Rc8 48. Qxd4 Re8+ 49. Kf3 Rxh2 50. b4 Ra2 51. a5 Rf8+ 52. Kg3 Ra4 53. Qd6 Kg8 54. a6 Ra3+ 55. Kh4 Rf6 56. Qd5+ Kf8 57. Qd8+ Kf7 58. Qd7+ Kf8 59. a7 Rfa6 60. Qf5+ Kg8 61. Qc8+ 1/2-1/2

[Event "Lombardia Region-ch"]
[Site "Saronno"]
[Date "2013.05.24"]
[Round "1"]
[White "Cervini, Gian Piero"]
[Black "Pozzi, Luca"]
[Result "0-1"]
[WhiteElo "1776"]
[BlackElo "1467"]
[PlyCount "52"]
[EventDate "2013.05.24"]
[EventType "swiss"]
[EventRounds "5"]
[EventCountry "ITA"]
[SourceTitle "EXT 2015"]
[Source "ChessBase"]
[SourceDate "2014.11.20"]
[SourceVersion "1"]
[SourceVersionDate "2014.11.20"]
[SourceQuality "1"]

1. e4 c5 2. c3 g6 3. d4 cxd4 4. cxd4 d5 5. e5 Bg7 6. Nf3 Bg4 7. h3 Bxf3 8. Qxf3 Nc6 9. Be3 Nh6 10. Nc3 Nf5 11. Rd1 Nxe3 12. fxe3 e6 13. Bd3 0-0 14. 0-0 a6 15. Qg3 Ne7 16. Rf4 Nf5 17. Bxf5 exf5 18. Qf3 Bh6 19. Rh4 Qxh4 20. Nxd5 b5 21. Nf6+ Kg7 22. d5 Rad8 23. d6 Bg5 24. Nd5 Rfe8 25. e6 Rxe6 26. Ne7 Rexd6 0-1

[Event "Ceriano Laghetto op-B 22nd"]
[Site "Ceriano Laghetto"]
[Date "2013.03.01"]
[Round "1"]
[White "Lunghi, Samuele"]
[Black "Cervini, Gian Piero"]
[Result "1/2-1/2"]
[WhiteElo "1487"]
[BlackElo "1781"]
[PlyCount "74"]
[EventDate "2013.03.01"]
[EventType "swiss"]
[EventRounds "5"]
[EventCountry "ITA"]
[SourceTitle "EXT 2024"]
[Source "ChessBase"]
[SourceDate "2023.10.10"]
[SourceVersion "1"]
[SourceVersionDate "2023.10.10"]
[SourceQuality "1"]

1. e4 g6 2. d4 Bg7 3. Nf3 d6 4. Nc3 Nf6 5. Be2 0-0 6. 0-0 c5 7. Be3 Ng4 8. Qd2 Nxe3 9. fxe3 Qb6 10. Rab1 Nc6 11. Rfd1 Bg4 12. d5 Ne5 13. Nxe5 Bxe2 14. Nd7 Qc7 15. Nxf8 Bxd1 16. Rxd1 Rxf8 17. Qd3 a6 18. Rb1 b5 19. a3 Rb8 20. Ne2 c4 21. Qd2 Qc5 22. Nd4 Bxd4 23. Qxd4 Qxd4 24. exd4 b4 25. a4 b3 26. c3 Rf8 27. Rf1 f5 28. Rf4 g5 29. Rxf5 Rxf5 30. exf5 Kf7 31. g4 Kf6 32. Kf2 h5 33. h3 h4 34. Ke3 Kf7 35. a5 Kf6 36. Ke4 Kf7 37. Ke3 Kf6 1/2-1/2

[Event "Varese Province-ch"]
[Site "Gallarate"]
[Date "2013.01.27"]
[Round "5"]
[White "Schingaro, Angelo"]
[Black "Cervini, Gian Piero"]
[Result "0-1"]
[WhiteElo "1724"]
[BlackElo "1786"]
[PlyCount "64"]
[EventDate "2013.01.19"]
[EventType "swiss"]
[EventRounds "6"]
[EventCountry "ITA"]
[SourceTitle "EXT 2024"]
[Source "ChessBase"]
[SourceDate "2023.10.10"]
[SourceVersion "1"]
[SourceVersionDate "2023.10.10"]
[SourceQuality "1"]

1. e4 g6 2. d4 Bg7 3. Nf3 d6 4. Nc3 Nf6 5. Be2 0-0 6. 0-0 Nbd7 7. Bf4 c5 8. d5 a6 9. a4 Qb6 10. Qd3 Ng4 11. a5 Qc7 12. h3 Nge5 13. Nxe5 Nxe5 14. Qd2 b5 15. axb6 Qxb6 16. Ra3 Bb7 17. Rb3 Qc7 18. Rd1 Rfb8 19. Na4 Bc8 20. Rxb8 Rxb8 21. b3 Rb4 22. Nb2 Rxe4 23. Nd3 Nxd3 24. Bxd3 Rb4 25. Re1 a5 26. Bg5 e6 27. Bc4 e5 28. Qe2 Bd7 29. Bd2 Rb8 30. Ra1 Ra8 31. Bb5 Bf5 32. Bd3 e4 0-1

[Event "Milan Crespi op-B 33rd"]
[Site "Milan"]
[Date "2012.12.05"]
[Round "1"]
[White "Nardone, Massimo"]
[Black "Cervini, Gian Piero"]
[Result "1/2-1/2"]
[WhiteElo "1925"]
[BlackElo "1800"]
[PlyCount "121"]
[EventDate "2012.12.05"]
[EventType "swiss"]
[EventRounds "7"]
[EventCountry "ITA"]
[SourceTitle "EXT 2015"]
[Source "ChessBase"]
[SourceDate "2014.11.20"]
[SourceVersion "1"]
[SourceVersionDate "2014.11.20"]
[SourceQuality "1"]

1. d4 Nf6 2. Nf3 g6 3. Nbd2 Bg7 4. e4 d6 5. Bd3 0-0 6. 0-0 Nc6 7. c3 e5 8. dxe5 Nxe5 9. Nxe5 dxe5 10. Nf3 Nh5 11. Re1 Bg4 12. h3 Bd7 13. Bg5 f6 14. Bc4+ Kh8 15. Bh4 Qe8 16. Be2 Nf4 17. Bg3 Nxe2+ 18. Rxe2 Rd8 19. Rd2 Qe7 20. Qe1 Bh6 21. Rdd1 Bc6 22. Nh2 Rxd1 23. Rxd1 Rd8 24. Ng4 Bg7 25. f3 h5 26. Ne3 f5 27. exf5 gxf5 28. Nxf5 Qc5+ 29. Bf2 Rxd1 30. Qxd1 Qf8 31. Nxg7 Qxg7 32. Qd8+ Kh7 33. Qd3+ e4 34. fxe4 Qg6 35. Qg3 Qxe4 36. Qxc7+ Kg6 37. Qg3+ Kf5 38. Qf3+ Qxf3 39. gxf3 a6 40. Kg2 Kf4 41. Bg3+ Ke3 42. Bf2+ Kf4 43. Bb6 Bxf3+ 44. Kf2 Bd5 45. a4 Be6 46. h4 Bb3 47. a5 Bc2 48. Ke1 Bb3 49. Kd2 Ke4 50. Bg1 Ba4 51. c4 Bc6 52. Kc3 Ke5 53. Kb4 Kd6 54. Bh2+ Kd7 55. Kc5 Bg2 56. b4 Bf3 57. b5 axb5 58. cxb5 Bg2 59. Kb6 Kc8 60. a6 bxa6 61. bxa6 1/2-1/2

[Event "Lombardia Region-ch"]
[Site "Solaro"]
[Date "2011.05.27"]
[Round "1"]
[White "Cervini, Gian Piero"]
[Black "Borgo, Giulio"]
[Result "0-1"]
[WhiteElo "1752"]
[BlackElo "2399"]
[PlyCount "62"]
[EventDate "2011.05.27"]
[EventType "swiss"]
[EventRounds "5"]
[EventCountry "ITA"]
[SourceTitle "EXT 2023"]
[Source "ChessBase"]
[SourceDate "2022.10.05"]
[SourceVersion "1"]
[SourceVersionDate "2022.10.05"]
[SourceQuality "1"]

1. e4 c5 2. c3 d5 3. exd5 Qxd5 4. Nf3 g6 5. d4 Nf6 6. dxc5 Qxc5 7. Be3 Qc7 8. Be2 Bg7 9. 0-0 0-0 10. Qc1 Re8 11. Na3 Nbd7 12. Nb5 Qb8 13. Rd1 a6 14. Nbd4 e5 15. Nc2 b6 16. a4 Bb7 17. a5 b5 18. Nb4 Bf8 19. Ne1 Nc5 20. Qc2 Qc7 21. Nbd3 Ncd7 22. b4 Rac8 23. Rac1 Nd5 24. Nc5 Nxe3 25. fxe3 Nxc5 26. bxc5 Bxc5 27. Kf2 Bxe3+ 28. Kxe3 Qc5+ 29. Kd2 Rcd8+ 30. Nd3 e4 31. Ke1 Qg1+ 0-1

[Event "Varese op 10th"]
[Site "Varese"]
[Date "2010.10.09"]
[Round "1"]
[White "Ambrosini, Andrea"]
[Black "Cervini, Gian Piero"]
[Result "0-1"]
[WhiteElo "1497"]
[BlackElo "1752"]
[PlyCount "64"]
[EventDate "2010.10.09"]
[EventType "swiss"]
[EventRounds "6"]
[EventCountry "ITA"]
[SourceTitle "EXT 2024"]
[Source "ChessBase"]
[SourceDate "2023.10.10"]
[SourceVersion "1"]
[SourceVersionDate "2023.10.10"]
[SourceQuality "1"]

1. d4 Nf6 2. c4 g6 3. Nc3 Bg7 4. Nf3 d6 5. e4 0-0 6. Be2 e5 7. d5 Ne8 8. 0-0 f5 9. Bg5 Nf6 10. Nd2 h6 11. Bxf6 Qxf6 12. exf5 gxf5 13. f4 Nd7 14. Qe1 exf4 15. Rxf4 Qg5 16. Qh4 Bf6 17. Nf3 Qg7 18. Qe1 Ne5 19. Nxe5 dxe5 20. Rf3 f4 21. Ne4 Bf5 22. Nxf6+ Rxf6 23. Bd3 e4 24. Bxe4 Re8 25. Rxf4 Qg6 26. Qh4 Rxe4 27. Re1 Bh3 28. Qg3 Rxe1+ 29. Kf2 Qxg3+ 30. hxg3 Rxf4+ 31. gxf4 Re4 32. gxh3 Rxf4+ 0-1

[Event "Corsico op"]
[Site "Corsico"]
[Date "2010.03.12"]
[Round "1"]
[White "Cervini, Gian Piero"]
[Black "Bruglia, Orlando"]
[Result "0-1"]
[WhiteElo "1788"]
[BlackElo "1921"]
[PlyCount "52"]
[EventDate "2010.03.12"]
[EventType "swiss"]
[EventRounds "5"]
[EventCountry "ITA"]
[SourceTitle "EXT 2011"]
[Source "ChessBase"]
[SourceDate "2010.11.26"]
[SourceVersion "1"]
[SourceVersionDate "2010.11.26"]
[SourceQuality "1"]

1. e4 e6 2. d4 d5 3. Nc3 Nf6 4. e5 Nfd7 5. f4 c5 6. Nf3 Nc6 7. Be3 Be7 8. Be2 0-0 9. Qd2 a6 10. a4 f6 11. exf6 Bxf6 12. dxc5 Qa5 13. 0-0 Qb4 14. Bf2 Qxb2 15. Nxd5 exd5 16. Qxd5+ Kh8 17. Bd3 Be7 18. Qh5 Nf6 19. Qh4 Ne4 20. Qh5 Rf5 21. Qe8+ Rf8 22. Qh5 g6 23. Qh6 Nxf2 24. Ng5 Qg7 25. Qh4 Bxc5 26. Bxg6 Qxg6 0-1

[Event "Modena Province-ch"]
[Site "Ceriano Laghetto"]
[Date "2010.02.??"]
[Round "1"]
[White "Pellegrini, Fabio"]
[Black "Cervini, Gian Piero"]
[Result "1-0"]
[WhiteElo "1541"]
[BlackElo "1792"]
[PlyCount "79"]
[EventDate "2010.02.02"]
[EventType "swiss"]
[EventRounds "6"]
[EventCountry "ITA"]
[SourceTitle "EXT 2024"]
[Source "ChessBase"]
[SourceDate "2023.10.10"]
[SourceVersion "1"]
[SourceVersionDate "2023.10.10"]
[SourceQuality "1"]

1. e4 g6 2. d4 Bg7 3. Nf3 d6 4. h3 Nf6 5. Bd3 0-0 6. Be3 c5 7. c3 b6 8. Nbd2 Bb7 9. d5 b5 10. Bxb5 Qb6 11. Qb3 a5 12. Bd3 Qc7 13. a4 Nbd7 14. c4 Rfb8 15. Qc2 Ra6 16. Ra2 Rb6 17. b3 e6 18. dxe6 fxe6 19. 0-0 d5 20. exd5 exd5 21. Bg5 Ne5 22. Nxe5 Qxe5 23. Nf3 Qd6 24. Bxf6 Bxf6 25. cxd5 Bxd5 26. Bc4 Kg7 27. Rd1 Bd4 28. Nxd4 Bxc4 29. Nf5+ gxf5 30. Rxd6 Rxd6 31. Qxc4 Rc6 32. Qd5 Rbc8 33. Qxf5 R8c7 34. Re2 Rf7 35. Qg5+ Kf8 36. Rd2 Rg6 37. Qxc5+ Kg7 38. Qb5 Rf3 39. Qb7+ Rf7 40. Rd7 1-0